Statistics for Gore, hribi - Primorska, Dolenjska

Click here to take the quiz!

General Stats

  • This quiz has been taken 84 times
  • The average score is 11 of 12

Answers on the Map

Answers color-coded by a green-red scale on the quiz's map according to % correct below.
 

Answer Stats

Answer% Correct
Čaven
98%
Golaki(Mali,
Veliki, Srednji)
98%
Hrušica
98%
Črmošnjice
96%
Kočevski Rog
96%
Mokrec
96%
Sabotin
96%
Slavnik
94%
Vremščica
94%
Trdinov vrh
91%
Goteniška gora
89%
Menišija
87%

Score Distribution

Percentile by Number Answered

Percent of People with Each Score

Your Score History

You have not taken this quiz